[Event "Dortmund op"]
[Site "Dortmund"]
[Date "2006.03.14"]
[Round "5.30"]
[White "Marienfeld, Udo"]
[Black "Schaefer, Ulrich"]
[Result "0-1"]
[WhiteElo "1220"]
[BlackElo "1412"]
[PlyCount "32"]
[EventDate "2006.03.06"]
[EventType "swiss"]
[EventRounds "9"]
[EventCountry "GER"]
[SourceTitle "CBM 111 Extra"]
[Source "ChessBase"]
[SourceDate "2006.05.09"]
[SourceVersion "1"]
[SourceVersionDate "2006.05.09"]
[SourceQuality "1"]

1. e4 e5 2. Nf3 Nf6 3. d4 Nxe4 4. Bd3 d5 5. dxe5 Nc6 6. Bf4 Bg4 7. h3 Bxf3 8. Qxf3 Nd4 9. Qe3 Bc5 10. Qc1 Ne6 11. Bxe4 dxe4 12. 0-0 Qh4 13. Bg3 Qxg3 14. Kh1 Qxe5 15. Nc3 0-0-0 16. Qe1 Bd6 0-1